| 000 | 00482nam a22001697a 4500 | ||
|---|---|---|---|
| 003 | LK-CoMWRAF | ||
| 005 | 20231121143200.0 | ||
| 008 | 231121b |||||||| |||| 00| 0 eng d | ||
| 040 |
_aLK-CoMWRAF _dLK-CoMWRAF _eLK-CoMWRAF |
||
| 041 | _aeng | ||
| 082 |
_a820 _bGCE |
||
| 245 |
_aG C E (OL) English Literature : _bProse & drama : A study guide |
||
| 250 | _aRevised & enlarged Edition | ||
| 260 |
_aKalutara : _bDenuma publishers _c1995 |
||
| 650 | _aEnglish Literature | ||
| 942 | _cBK | ||
| 999 |
_c4198 _d4198 |
||